00380nam a22000977a 4500008004100000082001500041110003900056245012300095260005600218300000800274230620b xxu||||| |||| 00| 0 eng d a323.4bCHR bStanding Committee on Human Rights aStanding Committee on Human Rights (K)bSpecial Report on freedom of thought, conscience and worship in public schools aKenyabStanding Committee on Human RightscMay 2003 a10p